| 000 | 01553nam a2200181Ia 4500 | ||
|---|---|---|---|
| 008 | 151202s9999||||xx |||||||||||||| ||und|| | ||
| 082 | _bPNVM-76985 | ||
| 100 | _aभुर्के श्याम | ||
| 245 | _aशून्यातून विश्व निर्माण करणारे डीएसके-प्रसिध्द बांधकामव्यवसायिक व उद्योगपती दीपक सखाराम कुलकर्णी यांचे चरित्र १६ पानी रंगीत छायाचित्रे | ||
| 260 | _bउत्कर्ष | ||
| 260 | _c2015 | ||
| 300 | _a144 | ||
| 600 | _aभुर्के श्याम | ||
| 630 | _aशून्यातून विश्व निर्माण करणारे डीएसके-प्रसिध्द बांधकामव्यवसायिक व उद्योगपती दीपक सखाराम कुलकर्णी यांचे चरित्र १६ पानी रंगीत छायाचित्रे | ||
| 700 | _aभुर्के श्याम | ||
| 730 | _aशून्यातून विश्व निर्माण करणारे डीएसके-प्रसिध्द बांधकामव्यवसायिक व उद्योगपती दीपक सखाराम कुलकर्णी यांचे चरित्र १६ पानी रंगीत छायाचित्रे | ||
| 942 | _cBOOK | ||
| 999 |
_c1343644 _d1343641 |
||